El poder de la paradoja: 14 lecciones políticas de la vida de Patricio Aylwin

שמור ב:
מידע ביבליוגרפי
Main Authors: Serrano P., Margarita (Author), Cavallo Castro, Ascanio Raúl (Author)
פורמט: ספר
שפה:ספרדית
יצא לאור: Santiago Uqbar Editores 2013
מהדורה:1a. ed
נושאים:
תגים: הוספת תג
אין תגיות, היה/י הראשונ/ה לתייג את הרשומה!

MARC

LEADER 00000cam a2200000 a 4500
001 UCE0020
003 CL-VaPUC
008 131227e20130000cl |||||||||||||||||spa|d
020 |a 9789569171215 
082 0 4 |a 923.1  |b SER  |2 21 
100 0 |a Serrano P., Margarita  |e author  |9 572431 
700 0 |a Cavallo Castro, Ascanio Raúl  |e author  |9 572432 
245 1 3 |a El poder de la paradoja: 14 lecciones políticas de la vida de Patricio Aylwin 
250 |a 1a. ed 
300 |a 203 p 
942 |c BK 
945 |d 20131227 10:32:00  |a dcastane 
260 |a Santiago  |b Uqbar Editores  |c 2013 
600 0 |a Aylwin Azócar, Patricio,  |d 1918-2016  |9 368860 
650 0 |a Biografías  |9 255210 
650 7 |a POLITICOS CHILENOS  |2 CL-VaPUC  |9 572433 
583 |a last modification  |c 20131227 10:32:00  |k Rodrigo Vera 
999 |c 354341  |d 354339 
952 |0 0  |1 0  |3 erb  |4 0  |6 923_100000000000000_SER_2013  |7 0  |8 A  |9 460129  |a BIBHIS  |b BIBHIS  |i 5038022  |l 1  |m 1  |o 923.1 SER 2013  |p 5038022  |r 2025-01-20  |s 2024-04-09  |w 2019-11-23  |y BK  |z Catalogado en:20131227  |k HIS